00000000nam##2200000za#4500
0019.610754
003CaOODSP
00520200327120747
007ta
008150406|1993||||xxc|||||     f|0| 0 eng|d
022 |a0706-6457
040 |aCaOODSP|beng
043 |an-cn---
0861 |aFs97-6/1912E
1101 |aCanada. |bDepartment of Fisheries and Oceans.
24510|aHistological description of oocyte development in Atlantic mackerel (Scomber scombrus L.) in the Gulf of St Lawrence / |cby I. d'Auteuil and F. Grégoire.
260 |aOttawa - Ontario : |bFisheries and Oceans Canada |c1993.
300 |a23p. : |bfigs., graphs, references, tables ; |c28 cm.
4901 |aCanadian technical report of fisheries and aquatic sciences|x0706-6457|v1912
500 |aPrepared in Fish and Fisheries Oceanography Division, Department of Fisheries and Oceans, Maurice-Lamontagne Institute, P.O. Box 850, route de la Mer, Mont-Joli, (Quebec) G5H 3Z4.
546 |aRésumés en français
563 |aSoftcover
69007|aFish|2gcpds
69007|aFisheries|2gcpds
7201 |aGrégoire, F.
7201 |aD'Auteuil, I.
7760#|tHistological description of oocyte development in Atlantic mackerel (Scomber scombrus L.) in the Gulf of St. Lawrence / |w(CaOODSP)9.573871
830#0|aCanadian technical report of fisheries and aquatic sciences,|x0706-6457|v1912|w(CaOODSP)9.514691